00701nam a2200253 a 450000100060000000300080000600500170001400800410003102000150007203500190008704000270010604100080013306000170014108200250015810000210018324500490020426000400025330000320029350000200032550400300034565000290037565000140040465000290041860581BD-RjUL20211209080847.0170101s1976 enka b 001 0 eng  a0123568501 a(BD-RjUL)60705 aDLCcDLCdBD-RjULbeng aeng aLB1051 H843f00a153.15223bHOF 19761 aHouston, John P.10aFundamentals of learning /cJohn P. Houston. aNew York :bAcademic Press,cc1976. ax, 410 p. :bill. ;c24 cm. aIncludes index. aBibliography: p. 365-401. 0aLearning, Psychology of. 2aLearning. 2aPsychology, Educational.